00380nam a2200145Ia 4500008004100000020001400041041001200055082001600067100001600083245005500099260004000154300000800194650001600202700001600218221030s9999 xx 000 0 und d a007120413 aEnglish a105.23bHam aC. Hamacher 0aComputer Organisationcby C. Hamacher, Z. Vranesic bMcGraw - Hill Pub.aNew Delhic2002 a805 aBE Computer aZ. Vranesic